<?xml version="1.0" encoding="UTF-8"?>
<record
    xmlns:xsi="http://www.w3.org/2001/XMLSchema-instance"
    xsi:schemaLocation="http://www.loc.gov/MARC21/slim http://www.loc.gov/standards/marcxml/schema/MARC21slim.xsd"
    xmlns="http://www.loc.gov/MARC21/slim">

  <leader>02008nam a22002297a 4500</leader>
  <controlfield tag="003">OSt</controlfield>
  <controlfield tag="005">20240425161614.0</controlfield>
  <controlfield tag="008">240425b           ||||| |||| 00| 0 eng d</controlfield>
  <datafield tag="020" ind1=" " ind2=" ">
    <subfield code="a">9789584263599</subfield>
  </datafield>
  <datafield tag="040" ind1=" " ind2=" ">
    <subfield code="c">CO-Mq BPB</subfield>
  </datafield>
  <datafield tag="041" ind1=" " ind2=" ">
    <subfield code="a">spa</subfield>
  </datafield>
  <datafield tag="082" ind1=" " ind2=" ">
    <subfield code="a">828.914 </subfield>
    <subfield code="b">D37l</subfield>
  </datafield>
  <datafield tag="100" ind1=" " ind2=" ">
    <subfield code="a">Diski, Jenny</subfield>
    <subfield code="d">1947</subfield>
    <subfield code="e">autor</subfield>
  </datafield>
  <datafield tag="245" ind1=" " ind2=" ">
    <subfield code="a">Lo que no s&#xE9; de los animales</subfield>
  </datafield>
  <datafield tag="250" ind1=" " ind2=" ">
    <subfield code="a">1a. ed.</subfield>
  </datafield>
  <datafield tag="264" ind1=" " ind2=" ">
    <subfield code="a">Bogot&#xE1;: </subfield>
    <subfield code="b">Seix Barral</subfield>
    <subfield code="c">2017</subfield>
  </datafield>
  <datafield tag="300" ind1=" " ind2=" ">
    <subfield code="a">427 p&#xE1;ginas</subfield>
    <subfield code="b">Tapa rustica</subfield>
    <subfield code="c">23 cm</subfield>
  </datafield>
  <datafield tag="490" ind1=" " ind2=" ">
    <subfield code="a">Plan Nacional de Lectura y Escritura Leer es mi Cuento / Ministerio de Cultura</subfield>
  </datafield>
  <datafield tag="521" ind1=" " ind2=" ">
    <subfield code="a">Lo que no s&#xE9; de los animales - Jenny Diski"&#xBF;Qu&#xE9; s&#xE9; de los animales?" Para responderse a esta cuesti&#xF3;n, Jenny Diski empez&#xF3; a escribir este libro. A trav&#xE9;s de su experiencia personal, del estudio y la investigaci&#xF3;n, se sumerge en temas tan dispares como la observaci&#xF3;n de elefantes en Kenia, los peluches de su infancia o la relaci&#xF3;n que ten&#xED;a Jacques Derrida con su mascota. Cualquier enfoque en sus manos es una retadora invitaci&#xF3;n a considerar nuestra relaci&#xF3;n y actitud hacia ellos.Sutil, inteligente, l&#xFA;cido e ir&#xF3;nico, este agudo y reflexivo ensayo sobre la &#xE9;tica con la que tratamos a los animales es una combinaci&#xF3;n perfecta de ingenio ling&#xFC;&#xED;stico, erudici&#xF3;n e implicaci&#xF3;n personal. Mezcla de memoir, libro de viajes y cr&#xED;tica &#x2014;los tres grandes fuertes de Jenny Diski&#x2014;, Lo que no s&#xE9; de los animales presenta la habitual ausencia de fronteras entre lo ensay&#xED;stico y lo autobiogr&#xE1;fico que encontramos en la obra de esta ilustre pensadora.Admirada por la cr&#xED;tica y galardonada con el Thomas Cook Travel Book Award y el. R. Ackerley Prize, Diski, una escritora "extraordinaria" (Mail On Sunday), "magn&#xED;fica" (New Statesman), "incre&#xED;blemente inteligente" (The Guardian) e "inimitable, sorprendente y maravillosa" (The Daily Telegraph), se ha erigido como baluarte de la literatura inglesa del &#xFA;ltimo tercio del siglo XX.</subfield>
  </datafield>
  <datafield tag="700" ind1=" " ind2=" ">
    <subfield code="a">Lomana, &#xCD;&#xF1;igo F.</subfield>
    <subfield code="d">2017</subfield>
    <subfield code="e">traductor</subfield>
  </datafield>
  <datafield tag="942" ind1=" " ind2=" ">
    <subfield code="2">ddc</subfield>
    <subfield code="c">BK</subfield>
  </datafield>
  <datafield tag="999" ind1=" " ind2=" ">
    <subfield code="c">15459</subfield>
    <subfield code="d">15459</subfield>
  </datafield>
  <datafield tag="952" ind1=" " ind2=" ">
    <subfield code="0">0</subfield>
    <subfield code="1">0</subfield>
    <subfield code="2">ddc</subfield>
    <subfield code="4">0</subfield>
    <subfield code="7">0</subfield>
    <subfield code="8">GEN</subfield>
    <subfield code="a">BPMOS</subfield>
    <subfield code="b">BPMOS</subfield>
    <subfield code="c">GEN</subfield>
    <subfield code="d">2024-04-25</subfield>
    <subfield code="e">Dotaci&#xF3;n PNL 2023</subfield>
    <subfield code="i">NT</subfield>
    <subfield code="l">0</subfield>
    <subfield code="o">828.914  D37l</subfield>
    <subfield code="p">MOS503602</subfield>
    <subfield code="r">2024-04-25</subfield>
    <subfield code="t">Ej.1</subfield>
    <subfield code="w">2024-04-25</subfield>
    <subfield code="y">BK</subfield>
    <subfield code="z">Ocho dias</subfield>
  </datafield>
</record>
